| 000 | 00916nam a2200253 i 4500 | ||
|---|---|---|---|
| 003 | DO-SdBNP | ||
| 005 | 20250711091741.0 | ||
| 007 | ta | ||
| 008 | 250710b2025 dr c|||| |||| 00| 0 spa d | ||
| 020 | _a9789945293425 | ||
| 040 |
_aDO-SdBNP _bspa _cBNPHU _erda |
||
| 082 |
_axxx _bP438 _222 |
||
| 100 | 1 |
_aAmador Pérez, Darío _eautor _4aut. _953755 |
|
| 245 | 1 | 0 |
_aTrascendencia del iscariotismo : _bnarrativas de historias reales ilustradas / _cDarío Amador Pérez |
| 264 |
_aSanto Domingo : _b[editor no identificado], _c[2025]. |
||
| 300 |
_a54 páginas ; _c22 cm. |
||
| 336 |
_atexto _btxt _2rdacontent |
||
| 337 |
_asin mediación _bn _2rdamedia |
||
| 338 |
_avolumen _bnc _2rdacarrier |
||
| 520 | _aAusencia de valoración, el carácter inevitable de la casualidad; y el pago del huésped de la ingratitud a quien bien le sirve. | ||
| 590 | _aInventariado, 2025/ YL | ||
| 910 | _aYLockward | ||
| 942 |
_2ddc _cLBS1 |
||
| 999 |
_c59489 _d59489 |
||